LIBRARY & INFORMATION CENTRE, KCAET, TAVANUR

ONLINE PUBLIC ACCESS CATALOGUE (OPAC)

Development and evaluation of an automated pulse irrigation system (Record no. 15721)

MARC details
000 -LEADER
fixed length control field 00383nam a22001337a 4500
003 - CONTROL NUMBER IDENTIFIER
control field OSt
082 ## - DEWEY DECIMAL CLASSIFICATION NUMBER
Classification number 631.587
Item number PRA/D
088 ## - REPORT NUMBER
Report number T 449
100 ## - MAIN ENTRY--AUTHOR NAME
Personal name Prasang H Rank
245 ## - TITLE STATEMENT
Title Development and evaluation of an automated pulse irrigation system
260 ## - PUBLICATION, DISTRIBUTION, ETC. (IMPRINT)
Place of publication Tavanur
Name of publisher Department of Irrigation and Drainage Engineering
Year of publication 2019
700 ## - ADDED ENTRY--PERSONAL NAME
Personal name Vishnu B (Guide)
942 ## - ADDED ENTRY ELEMENTS (KOHA)
Koha item type Theses
Holdings
Collection code Home library Current library Shelving location Full call number Accession Number Koha item type Public note
Reference KAUAET KAUAET Reference 631.587 PRA/D T 449 Theses M.Tech Thesis
free website counter